Flags of Capital Cities #1 - Statistics

General Stats
  • This quiz has been taken 7 times
  • The average score is 15 of 20
Answer Stats
Picture Answer % Correct
Berlin
100%
Canberra (Officially Australian Capital Territory)
100%
Dublin
100%
Kuala Lumpur
100%
London
100%
New Delhi
100%
Amsterdam
83%
Bangkok
83%
Paris
83%
Cairo
67%
Moscow
67%
Rome
67%
Seoul
67%
Tokyo
67%
Washington DC
67%
Abu Dhabi
50%
Buenos Aires
50%
Madrid
50%
Ottawa
50%
Wellington
33%
No matching quizzes found
Score Distribution
Percent of People with Each Score
Percentile by Number Answered
Your Score History
You have not taken this quiz